[Event "DEM U16w 2003"]
[Site "Willingen GER"]
[Date "2003.06.11"]
[Round "6"]
[White "Dietzen, Corinna"]
[Black "Stemmler, Lysan"]
[Result "1-0"]
[Termination "normal"]
[Board "11"]
[WhiteElo "1621"]
[BlackElo "1445"]
[PlyCount "101"]
[WhiteFideId "24621021"]
[BlackFideId "24622451"]
[EventCountry "GER"]
[EventRounds "9"]
[EventType "swiss"]
[EventDate "2003.06.07"]

1. c4 e5 2. Nc3 Nc6 3. Nf3 g6 4. g3 Bg7 5. Bg2 d6 6. d3 f5 7. Bd2 Nf6 8. Rb1
O-O 9. O-O h6 10. Qb3 Rb8 11. Nh4 Nd4 12. Qa3 g5 13. Nf3 Nxf3+ 14. Bxf3 f4 15.
Qxa7 Bh3 16. Bg2 Qd7 17. Qa3 Rf7 18. Rfc1 Rbf8 19. Qa4 c6 20. b4 fxg3 21. hxg3
Nh5 22. Ne4 Nf4 23. Bxf4 exf4 24. f3 Bxg2 25. Kxg2 Qe7 26. Qb3 fxg3 27. Nxg3 g4
28. Rf1 gxf3+ 29. Rxf3 Rxf3 30. exf3 Qg5 31. Qd1 h5 32. Kh3 Qf4 33. Nxh5 Qxf3+
34. Qxf3 Rxf3+ 35. Kh4 Rxd3 36. Rg1 Rd4+ 37. Kh3 Rd3+ 38. Kh2 Rd2+ 39. Kh1 Kh7
40. Nxg7 Rxa2 41. Nf5 d5 42. cxd5 cxd5 43. Rg7+ Kh8 44. Rxb7 Rf2 45. Nh4 d4 46.
Rd7 Rd2 47. Nf3 Rd1+ 48. Kg2 d3 49. Kf2 Rb1 50. Rb7 Kg8 51. Ke3 1-0

[Event "DEM U16w 2003"]
[Site "Willingen GER"]
[Date "2003.06.11"]
[Round "6"]
[White "Wolk, Friederike"]
[Black "Hafner, Katrin"]
[Result "1-0"]
[Termination "normal"]
[Board "12"]
[WhiteElo "1684"]
[BlackElo "1370"]
[PlyCount "32"]
[WhiteFideId "4693400"]
[BlackFideId "24668001"]
[EventCountry "GER"]
[EventRounds "9"]
[EventType "swiss"]
[EventDate "2003.06.07"]

1. e4 e6 2. b3 d5 3. Bb2 dxe4 4. Nc3 f5 5. f3 exf3 6. Nxf3 Nc6 7. Bb5 Bd7 8.
Qe2 Qe7 9. O-O-O O-O-O 10. Rhe1 Re8 11. Bxc6 Bxc6 12. Nb5 a6 13. Na7+ Kb8 14.
Nxc6+ bxc6 15. Qxa6 Qc5 16. Ne5 Ne7 1-0

[Event "DEM U16w 2003"]
[Site "Willingen GER"]
[Date "2003.06.11"]
[Round "6"]
[White "Hammerich, Nadine"]
[Black "Henneberg, Olga"]
[Result "1/2-1/2"]
[Termination "normal"]
[Board "14"]
[WhiteElo "1435"]
[BlackElo "1520"]
[PlyCount "59"]
[EventCountry "GER"]
[EventRounds "9"]
[EventType "swiss"]
[EventDate "2003.06.07"]

1. d4 f5 2. g3 g6 3. Bg2 Nf6 4. Nf3 Bg7 5. O-O O-O 6. c4 d6 7. Nc3 Qe8 8. b3 e5
9. dxe5 dxe5 10. Ba3 Rf7 11. Ng5 Rd7 12. Qc2 Bh6 13. h4 c6 14. Rad1 Bg7 15. Rd2
Rxd2 16. Qxd2 Nbd7 17. Rd1 h6 18. Nh3 Nb6 19. Qd8 Be6 20. Qxe8+ Rxe8 21. e4
fxe4 22. Bd6 Bg4 23. Re1 Bf3 24. Bxf3 exf3 25. Rxe5 Rd8 26. c5 Nc8 27. Re3 Nxd6
28. cxd6 Rxd6 29. Rxf3 Rd2 30. a4 1/2-1/2

[Event "DEM U16w 2003"]
[Site "Willingen GER"]
[Date "2003.06.12"]
[Round "7"]
[White "Schulz, Stefanie"]
[Black "Krenz, Sarah"]
[Result "1/2-1/2"]
[Termination "normal"]
[Board "1"]
[WhiteElo "2101"]
[BlackElo "1755"]
[PlyCount "63"]
[WhiteFideId "4693060"]
[EventCountry "GER"]
[EventRounds "9"]
[EventType "swiss"]
[EventDate "2003.06.07"]

1. e4 d6 2. d4 Nf6 3. Nc3 g6 4. f4 Bg7 5. a3 O-O 6. Nf3 c6 7. Be2 b5 8. O-O
Nbd7 9. h3 Bb7 10. Be3 Qc7 11. e5 Ne8 12. e6 fxe6 13. Ng5 Qc8 14. Nxe6 Rf6 15.
Nxg7 Nxg7 16. d5 Nf5 17. Bf2 a6 18. Rc1 Rf8 19. Bf3 Nf6 20. Re1 Re8 21. dxc6
Bxc6 22. Ne4 Nxe4 23. Bxe4 Bxe4 24. Rxe4 Qb7 25. Qe2 Rac8 26. Rb4 Qc6 27. a4
bxa4 28. Rb6 Qc4 29. Qd2 Rb8 30. b3 axb3 31. cxb3 Qe6 32. g3 1/2-1/2

[Event "DEM U16w 2003"]
[Site "Willingen GER"]
[Date "2003.06.12"]
[Round "7"]
[White "Hoolt, Sarah"]
[Black "Krege, Sandra"]
[Result "1-0"]
[Termination "normal"]
[Board "2"]
[WhiteElo "1820"]
[BlackElo "1902"]
[PlyCount "111"]
[WhiteFideId "24606812"]
[BlackFideId "4680910"]
[EventCountry "GER"]
[EventRounds "9"]
[EventType "swiss"]
[EventDate "2003.06.07"]

1. e4 c5 2. Nf3 Nc6 3. d4 cxd4 4. Nxd4 e5 5. Nb5 Nf6 6. N1c3 d6 7. Bg5 a6 8.
Na3 Be6 9. Bxf6 Qxf6 10. Nc4 Qd8 11. Nd5 b5 12. Nce3 g6 13. Bd3 Bg7 14. O-O O-O
15. c3 Ne7 16. f4 f5 17. Nxe7+ Qxe7 18. exf5 gxf5 19. fxe5 Qa7 20. Re1 dxe5 21.
Kh1 Rad8 22. Qe2 e4 23. Bc2 Bh6 24. Nf1 Kh8 25. a4 Qf7 26. Qf2 Bc4 27. Qb6 Qg6
28. Qf2 Bxf1 29. Qxf1 Qb6 30. axb5 axb5 31. Red1 Qc5 32. Ra5 Rxd1 33. Bxd1 Rd8
34. Be2 f4 35. Rxb5 Qe3 36. h3 Rf8 37. Re5 Bg7 38. Re7 Rd8 39. Bf3 exf3 40.
Rxe3 fxg2+ 41. Kxg2 fxe3 42. Qe1 Rd2+ 43. Kf3 Bh6 44. b4 Rd8 45. c4 Re8 46. Ke2
Bg7 47. Qd1 Bc3 48. b5 Bd2 49. c5 Rf8 50. b6 Rf2+ 51. Kd3 Bb4 52. Qa1+ Kg8 53.
Qa8+ Kg7 54. Qb7+ Kg8 55. Qd5+ Kg7 56. Qd4+ 1-0

[Event "DEM U16w 2003"]
[Site "Willingen GER"]
[Date "2003.06.12"]
[Round "7"]
[White "Großmann, Susan"]
[Black "Romakin, Helene"]
[Result "0-1"]
[Termination "normal"]
[Board "3"]
[WhiteElo "1793"]
[BlackElo "1865"]
[PlyCount "126"]
[WhiteFideId "24608220"]
[BlackFideId "24605964"]
[EventCountry "GER"]
[EventRounds "9"]
[EventType "swiss"]
[EventDate "2003.06.07"]

1. e4 e6 2. d3 c5 3. Nf3 Nc6 4. g3 g6 5. Bg2 Bg7 6. O-O Nge7 7. Qe2 O-O 8. Nc3
d6 9. Be3 Rb8 10. a4 b6 11. Rfd1 e5 12. Qd2 f5 13. Bh6 f4 14. Bxg7 Kxg7 15. Ne2
Bg4 16. Rf1 Qd7 17. Kh1 Rf6 18. Neg1 h6 19. h3 Be6 20. c3 g5 21. Kh2 g4 22.
hxg4 Bxg4 23. Bh3 Rg8 24. d4 Bxh3 25. Nxh3 Qg4 26. dxe5 dxe5 27. Nhg1 Kh8 28.
Qe1 Ng6 29. Rd1 fxg3+ 30. fxg3 Qh5+ 31. Kg2 Nf4+ 32. Kf2 Nh3+ 33. Ke3 Nxg1 34.
Nxg1 Qg5+ 35. Ke2 Qg4+ 36. Kd2 Rxf1 37. Qxf1 Rd8+ 38. Kc1 Rxd1+ 39. Qxd1 Qxg3
40. Nf3 Qf4+ 41. Nd2 Na5 42. Kc2 Nb7 43. Qe2 Nd6 44. Qd3 Qf6 45. Qh3 Nf7 46.
Qd7 h5 47. Qxa7 h4 48. Qd7 Ng5 49. Qe8+ Kg7 50. Qd7+ Kh6 51. Qg4 h3 52. b4 cxb4
53. cxb4 Qc6+ 54. Kb3 Qe6+ 55. Qxe6+ Nxe6 56. Nf1 Kg5 57. Kc4 Nc7 58. Kd3 Kf4
59. a5 b5 60. Nh2 Kg3 61. Nf1+ Kf2 62. Nh2 Kg2 63. Ng4 h2 0-1

[Event "DEM U16w 2003"]
[Site "Willingen GER"]
[Date "2003.06.12"]
[Round "7"]
[White "Wölfer, Wiebke"]
[Black "Neldner, Uta"]
[Result "1/2-1/2"]
[Termination "normal"]
[Board "4"]
[WhiteElo "1760"]
[BlackElo "1723"]
[PlyCount "94"]
[BlackFideId "24604070"]
[EventCountry "GER"]
[EventRounds "9"]
[EventType "swiss"]
[EventDate "2003.06.07"]

1. e4 c5 2. Nf3 Nc6 3. c3 d5 4. exd5 Qxd5 5. d4 cxd4 6. cxd4 Bg4 7. Be2 Nf6 8.
Be3 e6 9. O-O Be7 10. Nc3 Qa5 11. Qb3 Qc7 12. Rfd1 O-O 13. Rac1 a6 14. d5 exd5
15. Bb6 Qf4 16. Nxd5 Nxd5 17. Qxd5 Be6 18. Qd2 Qxd2 19. Rxd2 Bxa2 20. Rd7 Bf6
21. Rxb7 Bd5 22. Rd7 Bxf3 23. gxf3 Ne5 24. Rd5 Ng6 25. Rd2 Rfb8 26. Be3 Rxb2
27. Rxb2 Bxb2 28. Rc2 Bf6 29. Bxa6 h6 30. Rc8+ Rxc8 31. Bxc8 Nh4 32. Bb7 Bg5
33. Kf1 Kf8 34. Ke2 Ke7 35. Bd5 Nf5 36. f4 Bh4 37. Kf3 g6 38. h3 Kf6 39. Bb6
Kg7 40. Kg4 Bf6 41. Be4 Bd4 42. Bxd4+ Nxd4 43. f5 Kf6 44. fxg6 fxg6 45. f4 h5+
46. Kg3 g5 47. fxg5+ Kxg5 1/2-1/2

[Event "DEM U16w 2003"]
[Site "Willingen GER"]
[Date "2003.06.12"]
[Round "7"]
[White "Forchmann, Anneliese"]
[Black "Winkelmann, Elena"]
[Result "0-1"]
[Termination "normal"]
[Board "5"]
[WhiteElo "1715"]
[BlackElo "1643"]
[PlyCount "114"]
[BlackFideId "24607630"]
[EventCountry "GER"]
[EventRounds "9"]
[EventType "swiss"]
[EventDate "2003.06.07"]

1. e4 c5 2. Nf3 e6 3. d4 cxd4 4. Nxd4 Qb6 5. Nb3 a6 6. Be3 Qc7 7. Nc3 Bb4 8.
Qd2 Bxc3 9. bxc3 Nf6 10. Bd3 O-O 11. O-O d5 12. Bc5 Re8 13. exd5 Nxd5 14. c4
Nf6 15. Bd6 Qd7 16. Rad1 e5 17. Rfe1 e4 18. Be2 Nc6 19. Qg5 Qf5 20. Qg3 e3 21.
fxe3 Ne4 22. Qh4 g5 23. Qh5 Qf2+ 24. Kh1 Qxe3 25. Qxf7+ Kxf7 26. Bh5+ Kg7 27.
Rxe3 Nf2+ 28. Kg1 Rxe3 29. Kxf2 Re6 30. Nc5 Rf6+ 31. Kg3 Kh6 32. Be8 Be6 33.
Ne4 Rf5 34. Bxc6 bxc6 35. Ba3 Rf4 36. Nc5 Bxc4 37. Rd6+ Kh5 38. Bc1 Rg4+ 39.
Kf2 Rf8+ 40. Ke3 Rxg2 41. Rxc6 Rf4 42. Nd3 Bxd3 43. Kxd3 Rf1 44. Bb2 Rxh2 45.
Bg7 Kg4 46. Be5 Rh3+ 47. Ke2 Rff3 48. Bd4 Rh2+ 49. Ke1 Rf8 50. a3 Re8+ 51. Kf1
Rd8 52. Kg1 Rxc2 53. Rxc2 Rxd4 54. Rc6 a5 55. Ra6 h5 56. Rxa5 h4 57. Ra8 h3 0-1

[Event "DEM U16w 2003"]
[Site "Willingen GER"]
[Date "2003.06.12"]
[Round "7"]
[White "Nieberle, Cornelia"]
[Black "Katte, Isabel"]
[Result "0-1"]
[Termination "normal"]
[Board "6"]
[WhiteElo "1450"]
[BlackElo "1712"]
[PlyCount "96"]
[BlackFideId "24612987"]
[EventCountry "GER"]
[EventRounds "9"]
[EventType "swiss"]
[EventDate "2003.06.07"]

1. e4 c5 2. Nf3 e6 3. d4 cxd4 4. Nxd4 Nf6 5. Bd3 Nc6 6. Nb3 d6 7. Nc3 Be7 8.
O-O O-O 9. Bg5 h6 10. Bh4 Nxe4 11. Nxe4 Bxh4 12. Nxd6 Qe7 13. Nxc8 Raxc8 14. c3
Rfd8 15. Qe2 Bf6 16. Be4 Qc7 17. Rad1 Na5 18. Qb5 Nxb3 19. Qxb3 b6 20. Rxd8+
Rxd8 21. Rd1 Rxd1+ 22. Qxd1 Qc4 23. Bb1 Qb5 24. b3 Qc5 25. c4 a5 26. Qf3 Be7
27. Kf1 Bf8 28. Ke2 Qe5+ 29. Qe3 Qb2+ 30. Kf3 Qxb1 31. Qxb6 Bb4 32. Ke3 Qxa2
33. Qd8+ Kh7 34. Qd3+ g6 35. f3 a4 36. bxa4 Qxa4 37. h4 Bc5+ 38. Kf4 Qe8 39.
Kg3 h5 40. Kh3 Qc6 41. Qc3 Be7 42. g3 Qd7 43. Kg2 Qd1 44. c5 Qe2+ 45. Kg1 Qb5
46. c6 Bc5+ 47. Kg2 Qe2+ 48. Kh3 Qf1+ 0-1

[Event "DEM U16w 2003"]
[Site "Willingen GER"]
[Date "2003.06.12"]
[Round "7"]
[White "Butschek, Tanja"]
[Black "Dietzen, Corinna"]
[Result "0-1"]
[Termination "normal"]
[Board "8"]
[WhiteElo "1680"]
[BlackElo "1621"]
[PlyCount "126"]
[WhiteFideId "24604640"]
[BlackFideId "24621021"]
[EventCountry "GER"]
[EventRounds "9"]
[EventType "swiss"]
[EventDate "2003.06.07"]

1. e4 c5 2. Nf3 d6 3. Bb5+ Bd7 4. Bxd7+ Qxd7 5. O-O Nc6 6. c3 Nf6 7. Re1 g6 8.
Qe2 Bg7 9. d4 cxd4 10. cxd4 O-O 11. Nc3 Rac8 12. e5 dxe5 13. dxe5 Ng4 14. Bf4
Qf5 15. Qe4 Qxe4 16. Rxe4 Nh6 17. h3 Rfd8 18. Ree1 Nf5 19. Rad1 Ncd4 20. Nxd4
Nxd4 21. Bg5 Nc6 22. Nd5 Kf8 23. f4 Rd7 24. Kf2 Rcd8 25. Nc3 Rd2+ 26. Rxd2
Rxd2+ 27. Re2 Rxe2+ 28. Kxe2 Nd4+ 29. Ke3 Ne6 30. Bh4 f6 31. exf6 exf6 32. Nd5
f5 33. b4 Ke8 34. Bf6 Bf8 35. Be5 Kf7 36. a3 Nd8 37. g4 Nc6 38. gxf5 gxf5 39.
Nf6 h6 40. Bb2 Bg7 41. b5 Nd8 42. a4 Bxf6 43. Ba3 Kg6 44. a5 Kh5 45. a6 bxa6
46. bxa6 Kh4 47. Bf8 h5 48. Bc5 Nc6 49. Kd3 Kxh3 50. Kc4 Kg2 51. Kb5 Nb8 52.
Bxa7 Nxa6 53. Kc6 Kf3 54. Kd5 Kxf4 55. Ke6 Bg5 56. Bf2 h4 57. Bg1 h3 58. Bh2+
Kg4 59. Ke5 f4 60. Ke4 Nc5+ 61. Kd4 f3 62. Bg1 Kg3 63. Kxc5 f2 0-1

[Event "DEM U16w 2003"]
[Site "Willingen GER"]
[Date "2003.06.12"]
[Round "7"]
[White "Beltz, Carmen"]
[Black "Wolk, Friederike"]
[Result "1/2-1/2"]
[Termination "normal"]
[Board "9"]
[WhiteElo "1690"]
[BlackElo "1684"]
[PlyCount "49"]
[WhiteFideId "24608726"]
[BlackFideId "4693400"]
[EventCountry "GER"]
[EventRounds "9"]
[EventType "swiss"]
[EventDate "2003.06.07"]

1. e4 c5 2. Nf3 Nc6 3. d4 cxd4 4. Nxd4 g6 5. Nc3 Bg7 6. Be3 Nf6 7. Bc4 O-O 8.
Bb3 Ng4 9. Qxg4 Nxd4 10. Qd1 Nxb3 11. axb3 d6 12. Rxa7 Rxa7 13. Bxa7 Bxc3+ 14.
bxc3 Qa5 15. Bd4 e5 16. Be3 Qxc3+ 17. Bd2 Qc6 18. f3 f5 19. Bh6 Re8 20. O-O Be6
21. Qd2 d5 22. exd5 Qxd5 23. Rd1 Rd8 24. Qxd5 Rxd5 25. Rxd5 1/2-1/2

[Event "DEM U16w 2003"]
[Site "Willingen GER"]
[Date "2003.06.12"]
[Round "7"]
[White "Kaplun, Viktoria"]
[Black "Schmidt, Jade"]
[Result "1/2-1/2"]
[Termination "normal"]
[Board "11"]
[WhiteElo "1502"]
[BlackElo "1519"]
[PlyCount "89"]
[WhiteFideId "24621676"]
[EventCountry "GER"]
[EventRounds "9"]
[EventType "swiss"]
[EventDate "2003.06.07"]

1. d4 Nf6 2. c4 g6 3. Nc3 d5 4. cxd5 Nxd5 5. e4 Nxc3 6. bxc3 c5 7. Bc4 Bg7 8.
Ne2 O-O 9. h4 e6 10. h5 Nc6 11. hxg6 fxg6 12. Nf4 Qe8 13. Qg4 cxd4 14. Qh3 h5
15. Bxe6+ Bxe6 16. Qxe6+ Qxe6 17. Nxe6 Rfe8 18. Nxg7 Rxe4+ 19. Kd2 Kxg7 20. Bb2
dxc3+ 21. Bxc3+ Kf7 22. Rhe1 Rae8 23. Rxe4 Rxe4 24. Kd3 Re6 25. Rb1 b6 26. Re1
Rxe1 27. Bxe1 b5 28. f4 Kf6 29. Ke4 Ke6 30. Bf2 a5 31. Be1 b4 32. Bd2 a4 33. g3
b3 34. axb3 axb3 35. Bc1 Ne7 36. Bb2 Nf5 37. Kf3 Kd5 38. g4 hxg4+ 39. Kxg4 Ke4
40. Kg5 Ne3 41. Kxg6 Kxf4 42. Kf7 Ke4 43. Ke6 Kd3 44. Kd7 Nd1 45. Ba1 1/2-1/2

[Event "DEM U16w 2003"]
[Site "Willingen GER"]
[Date "2003.06.12"]
[Round "7"]
[White "Busse, Nadine"]
[Black "Hammerich, Nadine"]
[Result "1/2-1/2"]
[Termination "normal"]
[Board "12"]
[WhiteElo "1586"]
[BlackElo "1435"]
[PlyCount "109"]
[WhiteFideId "24632023"]
[EventCountry "GER"]
[EventRounds "9"]
[EventType "swiss"]
[EventDate "2003.06.07"]

1. e4 e6 2. d4 d5 3. e5 c5 4. c3 Nc6 5. Nf3 Qb6 6. Be2 cxd4 7. cxd4 Nh6 8. Nc3
Nf5 9. Na4 Qa5+ 10. Bd2 Bb4 11. Bc3 b5 12. a3 Bxc3+ 13. Nxc3 b4 14. axb4 Qxb4
15. Bb5 Bd7 16. Bxc6 Bxc6 17. Qd2 O-O 18. O-O Rfb8 19. Rab1 a5 20. Rfc1 h6 21.
Rc2 a4 22. Rbc1 Bd7 23. g4 Ne7 24. Nb1 Qxd2 25. Nbxd2 Rc8 26. Ne1 Rxc2 27. Rxc2
Rc8 28. Rxc8+ Nxc8 29. Nd3 Nb6 30. f4 Nc4 31. Nxc4 dxc4 32. Nc5 Bb5 33. Kf2 Kh7
34. Ke3 c3 35. bxc3 a3 36. Nb3 Bc4 37. Na1 a2 38. Kd2 Kg6 39. Kc2 f5 40. exf6
Kxf6 41. Kb2 g5 42. fxg5+ Kxg5 43. Nc2 Bd3 44. Na3 Kxg4 45. Kxa2 Kh3 46. c4
Kxh2 47. Kb2 Kg3 48. Kc3 Be4 49. Kd2 h5 50. Nb5 h4 51. Nc3 Bf3 52. d5 exd5 53.
cxd5 Bxd5 54. Nxd5 h3 55. Ne3 1/2-1/2

[Event "DEM U16w 2003"]
[Site "Willingen GER"]
[Date "2003.06.12"]
[Round "7"]
[White "Stemmler, Lysan"]
[Black "Henneberg, Olga"]
[Result "1-0"]
[Termination "normal"]
[Board "13"]
[WhiteElo "1445"]
[BlackElo "1520"]
[PlyCount "51"]
[WhiteFideId "24622451"]
[EventCountry "GER"]
[EventRounds "9"]
[EventType "swiss"]
[EventDate "2003.06.07"]

1. e4 d5 2. exd5 Qxd5 3. Nc3 Qa5 4. d4 c6 5. Nf3 Nf6 6. Bc4 Bg4 7. h3 Bh5 8.
Bd2 e6 9. g4 Bg6 10. Nd5 Qd8 11. Nxf6+ Qxf6 12. Bg5 Bxc2 13. Qe2 Bb4+ 14. Kf1
Qg6 15. Rc1 Be4 16. h4 h5 17. d5 hxg4 18. dxe6 fxe6 19. Ne5 Qf5 20. Rg1 Qxe5
21. Rxg4 Nd7 22. Rxe4 Qh2 23. Rxe6+ Kf8 24. Qf3+ Nf6 25. Rxf6+ Ke8 26. Rd6 1-0

[Event "DEM U16w 2003"]
[Site "Willingen GER"]
[Date "2003.06.12"]
[Round "7"]
[White "Hafner, Katrin"]
[Black "Janiesch, Maike"]
[Result "1/2-1/2"]
[Termination "normal"]
[Board "14"]
[WhiteElo "1370"]
[BlackElo "1529"]
[PlyCount "47"]
[WhiteFideId "24668001"]
[EventCountry "GER"]
[EventRounds "9"]
[EventType "swiss"]
[EventDate "2003.06.07"]

1. e4 e5 2. Nf3 Nc6 3. d4 exd4 4. Nxd4 Nf6 5. Nxc6 bxc6 6. e5 Qe7 7. Qe2 Nd5 8.
c4 Ba6 9. b3 g6 10. f4 Bg7 11. Qf2 Nb6 12. Be2 Bb7 13. O-O O-O 14. Ba3 d6 15.
c5 Nc8 16. cxd6 cxd6 17. Nc3 Rd8 18. Rad1 Qc7 19. Ne4 d5 20. Nf6+ Kh8 21. Qh4
h6 22. g4 Ne7 23. g5 Nf5 24. Qh3 1/2-1/2

[Event "DEM U16w 2003"]
[Site "Willingen GER"]
[Date "2003.06.13"]
[Round "8"]
[White "Romakin, Helene"]
[Black "Hoolt, Sarah"]
[Result "1-0"]
[Termination "normal"]
[Board "1"]
[WhiteElo "1865"]
[BlackElo "1820"]
[PlyCount "57"]
[WhiteFideId "24605964"]
[BlackFideId "24606812"]
[EventCountry "GER"]
[EventRounds "9"]
[EventType "swiss"]
[EventDate "2003.06.07"]

1. e4 c5 2. Nf3 Nc6 3. d4 cxd4 4. Nxd4 g6 5. Nc3 Bg7 6. Be3 d6 7. Qd2 Nf6 8. f3
O-O 9. g4 Be6 10. h4 h5 11. g5 Nd7 12. f4 Nb6 13. f5 Nxd4 14. Bxd4 gxf5 15.
Bxg7 Kxg7 16. Qd4+ f6 17. Rg1 Kh7 18. Bd3 Qc8 19. O-O-O fxe4 20. Nxe4 f5 21.
g6+ Kg8 22. Ng5 Bc4 23. Nh7 Bxd3 24. Qxd3 Rd8 25. Qe2 Qd7 26. Qxh5 Nc4 27. Ng5
e5 28. Nf7 Kf8 29. Nxd8 1-0

[Event "DEM U16w 2003"]
[Site "Willingen GER"]
[Date "2003.06.13"]
[Round "8"]
[White "Katte, Isabel"]
[Black "Schulz, Stefanie"]
[Result "1-0"]
[Termination "normal"]
[Board "2"]
[WhiteElo "1712"]
[BlackElo "2101"]
[PlyCount "119"]
[WhiteFideId "24612987"]
[BlackFideId "4693060"]
[EventCountry "GER"]
[EventRounds "9"]
[EventType "swiss"]
[EventDate "2003.06.07"]

1. e4 c5 2. Nc3 e5 3. Bc4 d6 4. d3 Nf6 5. h3 Be7 6. Nf3 O-O 7. O-O Nc6 8. Nd5
Nxd5 9. Bxd5 Bd7 10. Bxc6 Bxc6 11. Be3 f5 12. exf5 Rxf5 13. Nd2 d5 14. f3 Bg5
15. Bxc5 d4 16. Ne4 Be3+ 17. Kh1 a5 18. Qe1 b6 19. Ba3 b5 20. b3 b4 21. Bc1
Bxc1 22. Rxc1 Qc7 23. Qh4 Be8 24. g4 Rf8 25. Ng5 h6 26. Ne6 Qd6 27. Nxf8 g5 28.
Qf2 Bc6 29. Ng6 Qxg6 30. Qg3 Qf6 31. Rce1 Re8 32. Kg2 Kf7 33. Re2 Ke6 34. Rxe5+
Qxe5 35. Re1 Qxe1 36. Qxe1+ Kd7 37. Qa1 Re6 38. Qxd4+ Kc8 39. Kf2 Kb7 40. f4
gxf4 41. Qxf4 Kb6 42. Qb8+ Bb7 43. Qd8+ Ka6 44. Qd4 Rc6 45. Qb2 Re6 46. a3 bxa3
47. Qxa3 Rf6+ 48. Kg3 Kb6 49. b4 axb4 50. Qxb4+ Ka7 51. Qd4+ Rb6 52. c4 Bc8 53.
c5 Rc6 54. Qa4+ Kb7 55. d4 Kc7 56. d5 Bb7 57. Qa7 Ra6 58. d6+ Kc8 59. d7+ Kxd7
60. Qxb7+ 1-0

[Event "DEM U16w 2003"]
[Site "Willingen GER"]
[Date "2003.06.13"]
[Round "8"]
[White "Krege, Sandra"]
[Black "Winkelmann, Elena"]
[Result "1-0"]
[Termination "normal"]
[Board "3"]
[WhiteElo "1902"]
[BlackElo "1643"]
[PlyCount "103"]
[WhiteFideId "4680910"]
[BlackFideId "24607630"]
[EventCountry "GER"]
[EventRounds "9"]
[EventType "swiss"]
[EventDate "2003.06.07"]

1. e4 d5 2. exd5 Qxd5 3. Nc3 Qa5 4. Bc4 Nf6 5. d3 Bf5 6. Bd2 c6 7. Nd5 Qd8 8.
Nxf6+ exf6 9. Ne2 Bd6 10. O-O O-O 11. Kh1 Qc7 12. f4 Bg4 13. h3 Bxe2 14. Qxe2
Nd7 15. Qg4 b5 16. Bb3 Nc5 17. Bc3 Kh8 18. Qh4 Rae8 19. Bxf6 Be7 20. Bxe7 Rxe7
21. f5 Nxb3 22. axb3 f6 23. Rfe1 Rfe8 24. Rxe7 Qxe7 25. Qf2 Qe5 26. d4 Qc7 27.
Re1 Rd8 28. Qe3 h6 29. c3 Qa5 30. Qe6 Qb6 31. Qf7 Qb8 32. Re7 Rg8 33. Rc7 b4
34. c4 Qb6 35. Qd7 a6 36. Rxc6 Qa5 37. Qe6 Qa1+ 38. Kh2 Qc1 39. Qe4 Qxb2 40.
Qe3 Qb1 41. Rxf6 Kh7 42. Rxa6 Qxf5 43. Re6 Qf7 44. d5 Rd8 45. Qe4+ Kh8 46. d6
Qd7 47. c5 Rc8 48. Re7 Qb5 49. d7 Rg8 50. c6 Qb8+ 51. Qe5 Qa8 52. c7 1-0

[Event "DEM U16w 2003"]
[Site "Willingen GER"]
[Date "2003.06.13"]
[Round "8"]
[White "Neldner, Uta"]
[Black "Dauer, Christina"]
[Result "1/2-1/2"]
[Termination "normal"]
[Board "4"]
[WhiteElo "1723"]
[BlackElo "1444"]
[PlyCount "77"]
[WhiteFideId "24604070"]
[BlackFideId "24609781"]
[EventCountry "GER"]
[EventRounds "9"]
[EventType "swiss"]
[EventDate "2003.06.07"]

1. d4 d5 2. e3 Bf5 3. f4 c6 4. Nf3 Nf6 5. Be2 Nbd7 6. O-O e6 7. Ne5 Nxe5 8.
fxe5 Ne4 9. Nd2 Be7 10. Nf3 b6 11. Bd2 O-O 12. Be1 c5 13. c3 a6 14. Kh1 b5 15.
a3 Rc8 16. a4 bxa4 17. Rxa4 Rb8 18. b4 cxb4 19. cxb4 Qc7 20. Qb3 a5 21. b5 Rfc8
22. Bxa5 Qc2 23. Qa2 Qxa2 24. Rxa2 Nc3 25. Bxc3 Rxc3 26. Rfa1 Rbc8 27. Ra8 Bd8
28. Rxc8 Rxc8 29. Kg1 Kf8 30. Kf2 Rc2 31. Ne1 Rb2 32. Kf1 Rb3 33. Kf2 Rb2 34.
Ra8 Ke7 35. Ra7+ Kf8 36. h3 Be4 37. Ra3 h6 38. Nf3 g6 39. Ne1 1/2-1/2

[Event "DEM U16w 2003"]
[Site "Willingen GER"]
[Date "2003.06.13"]
[Round "8"]
[White "Krenz, Sarah"]
[Black "Wölfer, Wiebke"]
[Result "1/2-1/2"]
[Termination "normal"]
[Board "5"]
[WhiteElo "1755"]
[BlackElo "1760"]
[PlyCount "45"]
[EventCountry "GER"]
[EventRounds "9"]
[EventType "swiss"]
[EventDate "2003.06.07"]

1. d4 Nf6 2. Nf3 e6 3. g3 b5 4. Bg2 Bb7 5. O-O Be7 6. Nbd2 d5 7. Ne5 c5 8. dxc5
Bxc5 9. c3 O-O 10. Nd3 Bd6 11. a4 Qb6 12. axb5 Qxb5 13. Qb3 a6 14. Qxb5 axb5
15. Rxa8 Bxa8 16. Re1 Rd8 17. b3 Na6 18. Bb2 Nd7 19. Ra1 Nac5 20. Nxc5 Nxc5 21.
c4 bxc4 22. bxc4 Bf8 23. cxd5 1/2-1/2

[Event "DEM U16w 2003"]
[Site "Willingen GER"]
[Date "2003.06.13"]
[Round "8"]
[White "Dietzen, Corinna"]
[Black "Forchmann, Anneliese"]
[Result "0-1"]
[Termination "normal"]
[Board "6"]
[WhiteElo "1621"]
[BlackElo "1715"]
[PlyCount "72"]
[WhiteFideId "24621021"]
[EventCountry "GER"]
[EventRounds "9"]
[EventType "swiss"]
[EventDate "2003.06.07"]

1. c4 Nf6 2. Nc3 g6 3. g3 Bg7 4. Bg2 d6 5. Nf3 O-O 6. O-O e5 7. d3 Nbd7 8. Rb1
Ne8 9. b4 f5 10. Ng5 Ndf6 11. Qb3 Kh8 12. c5 Qd7 13. cxd6 Nxd6 14. f4 exf4 15.
Bxf4 h6 16. Nf3 Qe8 17. a4 Be6 18. Qc2 Rd8 19. Nd4 c6 20. Nxe6 Qxe6 21. b5 cxb5
22. Bxd6 Qxd6 23. Nxb5 Qb6+ 24. Kh1 Ng4 25. h3 Ne3 26. Qa2 Nxf1 27. Bxf1 Qe3
28. Nc7 Bd4 29. Bg2 Rc8 30. Qa3 Bc5 31. Qb2+ Bd4 32. Qa3 Qxe2 33. Nb5 Qe3 34.
Nxd4 Qxd4 35. Rxb7 Rfe8 36. Rb4 Re1+ 0-1

[Event "DEM U16w 2003"]
[Site "Willingen GER"]
[Date "2003.06.13"]
[Round "8"]
[White "Nieberle, Cornelia"]
[Black "Großmann, Susan"]
[Result "0-1"]
[Termination "normal"]
[Board "7"]
[WhiteElo "1450"]
[BlackElo "1793"]
[PlyCount "112"]
[BlackFideId "24608220"]
[EventCountry "GER"]
[EventRounds "9"]
[EventType "swiss"]
[EventDate "2003.06.07"]

1. e4 d6 2. d4 Nf6 3. Nc3 g6 4. Nf3 Bg7 5. h3 c5 6. dxc5 Qa5 7. Bb5+ Bd7 8.
Bxd7+ Nbxd7 9. O-O Qxc5 10. Re1 O-O 11. Nd5 Nxd5 12. exd5 Rfe8 13. Be3 Qa5 14.
c3 Nb6 15. Bxb6 Qxb6 16. Rb1 Rac8 17. Qa4 Qc5 18. Rbd1 b5 19. Qb3 a5 20. a3 Bf6
21. Re4 Rb8 22. Nh2 Bg7 23. Rde1 Qc7 24. Nf3 Qd7 25. Nd4 Bxd4 26. Rxd4 Qf5 27.
Rde4 Kf8 28. Qd1 Rb7 29. Qd4 Kg8 30. a4 Qd7 31. R1e2 b4 32. Qd1 bxc3 33. bxc3
Qc7 34. Qe1 Kg7 35. Kh2 h5 36. g3 Kg8 37. Qa1 Rb3 38. c4 Rb4 39. Rc2 Qd7 40.
Ra2 Rc8 41. Qe1 Rc7 42. Qe2 Rxa4 43. Rxe7 Rxa2 44. Rxd7 Rxe2 45. Rxc7 Rxf2+ 46.
Kg1 Rc2 47. Rc6 a4 48. Rxd6 a3 49. Ra6 a2 50. d6 Rc1+ 51. Kf2 a1=Q 52. Rxa1
Rxa1 53. c5 Rd1 54. Ke3 f5 55. Kf4 Rd5 56. Kg5 Kf7 0-1

[Event "DEM U16w 2003"]
[Site "Willingen GER"]
[Date "2003.06.13"]
[Round "8"]
[White "Beltz, Carmen"]
[Black "Herkt, Julia"]
[Result "1-0"]
[Termination "normal"]
[Board "8"]
[WhiteElo "1690"]
[BlackElo "1638"]
[PlyCount "45"]
[WhiteFideId "24608726"]
[EventCountry "GER"]
[EventRounds "9"]
[EventType "swiss"]
[EventDate "2003.06.07"]

1. e4 c5 2. Nf3 e6 3. d4 cxd4 4. Nxd4 Nc6 5. Nc3 Qc7 6. Be3 a6 7. Be2 Nf6 8. f4
Bb4 9. Bf3 Bc5 10. e5 Nxd4 11. Bxd4 Ng8 12. O-O Ne7 13. Ne4 Bxd4+ 14. Qxd4 O-O
15. Nd6 Nc6 16. Qf2 f6 17. Qg3 fxe5 18. fxe5 Qb6+ 19. Kh1 Qxb2 20. Bxc6 Rxf1+
21. Rxf1 dxc6 22. Ne8 g6 23. Qf4 1-0